Statistics for People in Pictures with Ronald Reagan

Click here to take the quiz!

General Stats

  • This quiz has been taken 21,418 times
  • The average score is 12 of 16

Answer Stats

Answer% Correct
Michael Jackson
98%
Princess Diana
94%
Muhammad Ali
94%
Mother Teresa
93%
Arnold Schwarzenegger
93%
George H.W. Bush
92%
Margaret Thatcher
83%
Mikhail Gorbachev
78%
John Paul II
78%
Clint Eastwood
77%
Ray Charles
73%
Colin Powell
56%
Queen Elizabeth
53%
Bob Hope
39%
Audrey Hepburn
35%
Pelé
32%

Score Distribution

Percentile by Number Answered

Percent of People with Each Score

Your Score History

You have not taken this quiz